[Event "SVR op"]
[Site "Lahnstein"]
[Date "2019.04.13"]
[Round "1"]
[White "Mokhyber, Wiliam"]
[Black "Kiefer, Tim"]
[Result "1-0"]
[WhiteElo "1696"]
[BlackElo "1195"]
[PlyCount "67"]
[EventDate "2019.04.13"]
[EventType "swiss"]
[EventRounds "7"]
[EventCountry "GER"]
[SourceTitle "EXT 2021"]
[Source "ChessBase"]
[SourceDate "2020.10.23"]
[SourceVersion "1"]
[SourceVersionDate "2020.10.23"]
[SourceQuality "1"]

1. e4 c5 2. Nc3 Nc6 3. g3 g6 4. Bg2 Bg7 5. d3 e6 6. f4 Nge7 7. Nf3 0-0 8. 0-0 f5 9. Be3 b6 10. d4 cxd4 11. Nxd4 Bb7 12. e5 a6 13. Na4 d5 14. Nxe6 Qd7 15. Nxf8 Rxf8 16. Nxb6 Qd8 17. Nxd5 Nxd5 18. Bxd5+ Kh8 19. c4 Na5 20. Bxb7 Nxb7 21. Qxd8 Rxd8 22. Rad1 Rc8 23. b3 h6 24. Rd7 Nd8 25. Rfd1 Nc6 26. Rb7 Rg8 27. Rb6 Ne7 28. Rd7 Nc8 29. Rbb7 h5 30. c5 Kh7 31. Rbc7 Kh6 32. Rxg7 Rxg7 33. Rxc8 Kh7 34. Rd8 1-0